Fifa 15 and 16 Toty - Statistics

General Stats
  • This quiz has been taken 745 times
  • The average score is 18 of 22
Answer Stats
Position Name % Correct
CF Messi
99%
RW Messi
99%
LW Ronaldo
98%
LW Ronaldo
98%
GK Neuer
95%
GK Neuer
95%
CB Ramos
94%
CB Ramos
94%
LW Neymar
92%
CM Iniesta
88%
CM Iniesta
88%
LB Marcelo
87%
CM Modric
87%
CM Kroos
80%
RB Alves
76%
RB Lahm
69%
CB Silva
68%
CB Silva
68%
RW Robben
64%
CM Pogba
59%
CB Luiz
50%
CAM Di Maria
47%
No matching quizzes found
Score Distribution
Percent of People with Each Score
Percentile by Number Answered
Your Score History
You have not taken this quiz